00950nam a2200229 a 4500001000900000005001700009008004100026020001500067020001500082040001800097050002100115100002700136245015900163260006300322300004200385500011900427500006200546504003200608650004300640700002100683700001600704BRCA_97220190320203228.0010409s2001 nyua---##b---#001-0#eng-# a0810906198 a0872731456 aDLCcDLCdDLC 4aN6512b.R35 20011 aRapaport, Brooke Kamin10aVital formsbAmerican art and design in the atomic age : 1940-1960cBrooke Kamin Rapaport, Kevin L. Stayton with contributions by Paul Boyer ... [et al.]. aNueva YorkbBrooklyn Museum of Art : Harry N. Abramsc2001 a256 p.bil. (algunas a color)c28 cm. aCatálogo de la exposición realizada en el Brooklyn Museum of Art (New York), 12 octubre, 2001 - 29 junio, 2003 aIncluye índice alfabético e índice de ilustraciones aBibliografía : p. 246-24714aArte americanovExposicionesySiglo XX1 aStayton, Kevin L1 aBoyer, Paul